000 00554nam a2200181Ia 4500
005 20250923145133.0
008 008 250917s9999 xx 000 0 eng d
037 _aTextual
040 _aDSWL
_beng
_cDSWL
041 _aeng
_2eng
084 _aZ3,9534, N50
_qDSWL
100 _aMorrison, A.C.L.
_9832136
245 0 _aNotes on the law and its administration
_cby A.C.L. Morrison
260 _aLondon
_bMajesty's Stationary Office
_c1950
300 _a174p.
942 _cTEXL
_hZ3,9534, N50
999 _c1447605
_d1447605